Next generation librarianship : (Record no. 82660)

MARC details
000 -LEADER
fixed length control field 00688nam a22002177a 4500
005 - DATE AND TIME OF LATEST TRANSACTION
control field 20140417113341.0
010 ## - LCCN (DPL NO)
LC control number ENG-109364
020 ## - INTERNATIONAL STANDARD BOOK NUMBER
International Standard Book Number 9788178002651
Terms of availability 495.00
035 ## - SYSTEM CONTROL NUMBER
System control number EN-92897
037 ## - SOURCE OF ACQUISITION
Source of stock number/acquisition DBAD/PUB
082 ## - DEWEY DECIMAL CLASSIFICATION NUMBER
Classification number 020
245 ## - TITLE STATEMENT
Title Next generation librarianship :
Statement of responsibility, etc edited by L.S. Ramaiah, K. Veeranjaneyulu [and] G. Sujatha
Remainder of title strategies for change management /
250 ## - EDITION STATEMENT
Edition statement
260 ## - PUBLICATION, DISTRIBUTION, ETC. (IMPRINT)
Place of publication, distribution, etc Hyderabad
Name of publisher, distributor, etc BS Publications
Date of publication, distribution, etc 2012
270 ## - ADDRESS
Address 4-4-309, Giriraj Lane, Sultan Bazar
City Hyderabad
Postal code 500095
300 ## - PHYSICAL DESCRIPTION
Extent xvi,355p.
Dimensions 24cm(pbk)
700 ## - ADDED ENTRY--PERSONAL NAME
Personal name Ramaiah,L. S.
700 ## - ADDED ENTRY--PERSONAL NAME
Personal name Veeranjaneyulu,K.
700 ## - ADDED ENTRY--PERSONAL NAME
Personal name Sujatha,G.
942 ## - ADDED ENTRY ELEMENTS (KOHA)
Source of classification or shelving scheme Dewey Decimal Classification
Item type English Books
Call number suffix NEX
Classification part 020
Holdings
Withdrawn status Lost status Not for loan Collection code Home library Current library Date acquired Source of acquisition Cost, normal purchase price Full call number Barcode Copy number Cost, replacement price Koha item type
    Not For Loan Non-fiction D.B.Act.Division D.B.Act.Division 21/02/2014 DBAD/PUB 495.00 020 NEX EN-92897 1 495.00 English Books

© Delhi Public Library
Hit Counter
free hit counter